000 00948nam a2200265Ia 4500
003 GCL
008 140319s9999 xx 000 0 ara d
040 _aGCL /
_cGCL
082 0 4 _a809
_bت ب
100 1 _aمحمد جديد
245 1 0 _aبناة العالم :
_b(ج1 هولدرلن - دوستويفسكى - بلزاك) (ج 2 ديكنز - تولستوى - ستندال - كلايست) /
_cمحمد جديد
700 1 _aتسفايج، ستيفان
250 _aالثانية
260 _aسوريا :
_bدار المدى ،
_c2003
300 _a399 ص ؛
_c21سم
490 _aدراسات نقدية عالمية
_v1 - 2
650 0 4 _aالادب
650 0 4 _aالادب - تاريخ ونقد
650 0 4 _aدوستويفسكى
650 0 4 _aالادباء الغربيون
650 0 4 _aشارل ديكنز - تراجم
650 0 4 _aتولستوى , ليون
650 0 4 _aالادباء - تراجم
942 _2ddc
_cBK
999 _c48402
_d48402